| 000 | 00765cab a2200265 4500 | ||
|---|---|---|---|
| 001 | WB2928-51 | ||
| 008 | 090401t1993 xxu||||| |||| 00| 0 eng d | ||
| 035 | _a(Sirsi) u341 | ||
| 041 | _aeng | ||
| 245 | _aChanges for rural economy | ||
| 260 | _c1993 | ||
| 350 | _a0 | ||
| 490 |
_aScotsman _v20 July 1993, 5 |
||
| 490 |
_aHerald _v20 July 1993, 7(1) |
||
| 520 | _a"Pounds, policies and prospects" (Scottish Office Publication Sales £7.50) sponsored by Rural Forum, assesses the impact of the EC on rural communities in Scotland. | ||
| 650 | _aCAP REFORM | ||
| 650 | _aEC | ||
| 650 | _aREGIONAL DEVELOPMENT | ||
| 650 | _aRURAL AREAS | ||
| 650 | _aRURAL ECONOMY | ||
| 650 | _aSCOTLAND | ||
| 690 | _aRURAL PRACTICE | ||
| 942 | _n0 | ||
| 948 | _c04/03/1997 | ||
| 999 |
_c130 _d130 |
||